000 00229nam a22000857a 4500
008 160628b xxu||||| |||| 00| 0 eng d
100 _91290
_aPal, B
245 _aEverest my Journey to the Top
260 _aN.D
_b National Book Trust
_c1988
999 _c1059
_d1059